[Event "Politiken Cup 37th"]
[Site "Helsingor"]
[Date "2015.07.29"]
[Round "6"]
[White "Biasi, Grace"]
[Black "Shehzad, Alisha"]
[Result "0-1"]
[WhiteElo "1649"]
[BlackElo "1266"]
[PlyCount "56"]
[EventDate "2015.07.25"]
[EventType "swiss"]
[EventRounds "10"]
[EventCountry "DEN"]
[SourceTitle "CBM 167 Extra"]
[Source "ChessBase"]
[SourceDate "2015.09.14"]
[SourceVersion "1"]
[SourceVersionDate "2015.09.14"]
[SourceQuality "1"]

1. e4 e5 2. Nf3 Nc6 3. Bb5 Bc5 4. 0-0 d6 5. Nc3 Nf6 6. d3 h6 7. Na4 Bb6 8. Nxb6 axb6 9. c3 Bg4 10. Qe2 0-0 11. Qe3 Qe7 12. Nh4 Rae8 13. h3 Bd7 14. Bc4 Kh8 15. Qf3 Na5 16. Bb3 Nxb3 17. axb3 Ra8 18. Be3 Be6 19. c4 Nd7 20. b4 Qxh4 21. d4 exd4 22. Bxd4 Nf6 23. e5 Qxd4 24. exf6 Qxf6 25. Qxb7 Rxa1 26. Rxa1 Qxb2 27. Ra7 Qc1+ 28. Kh2 Qxc4 0-1

[Event "Zuerich op-B 35th"]
[Site "Zuerich"]
[Date "2011.12.26"]
[Round "1"]
[White "Frommherz, Stefan Martin"]
[Black "Biasi, Grace"]
[Result "1-0"]
[WhiteElo "1862"]
[BlackElo "1568"]
[PlyCount "79"]
[EventDate "2011.12.26"]
[EventType "swiss"]
[EventRounds "7"]
[EventCountry "SUI"]
[SourceTitle "CBM 146 Extra"]
[Source "ChessBase"]
[SourceDate "2012.02.29"]
[SourceVersion "1"]
[SourceVersionDate "2012.02.29"]
[SourceQuality "1"]

1. Nf3 Nc6 2. d3 Nf6 3. g3 g6 4. Bg2 Bg7 5. Nbd2 d5 6. c3 0-0 7. 0-0 e5 8. e4 Bg4 9. Qc2 d4 10. a4 Nd7 11. Re1 Be6 12. cxd4 Nb4 13. Qc3 a5 14. d5 Bg4 15. h3 Bxf3 16. Nxf3 Nc5 17. Qxc5 Nxd3 18. Qc3 Nxe1 19. Nxe1 Qd6 20. Be3 b6 21. Rc1 f5 22. f3 f4 23. Bf2 fxg3 24. Bxg3 Rf7 25. Qc6 Qb4 26. Qxa8+ Rf8 27. Qc6 Qxb2 28. Qc3 Qa2 29. Bxe5 Bxe5 30. Qxe5 Qd2 31. Qc3 Qf4 32. Nd3 Qe3+ 33. Nf2 Qg5 34. Ng4 h5 35. Qe3 Rf4 36. h4 Qxh4 37. Qxf4 hxg4 38. Qxg4 Qf6 39. Qe6+ Kg7 40. Rxc7+ 1-0